Magyar Pedagógia. - 99. évf. (1999) 4. sz.
Elmentve itt :
| Dokumentumtípus: | Folyóirat |
|---|---|
| Megjelent: |
1999
|
| Sorozat: | Magyar pedagógia : a Magyar Tudományos Akadémia Pedagógiai Bizottságának folyóirata
99 No. 4 |
| Online Access: | http://misc.bibl.u-szeged.hu/18076 |
| LEADER | 00545nas a2200145 i 4500 | ||
|---|---|---|---|
| 001 | misc18076 | ||
| 005 | 20191106140926.0 | ||
| 008 | 170616s1999 hu o 0|| zxx d | ||
| 022 | |a 0025-0260 | ||
| 040 | |a SZTE Miscellanea Repozitórium |b hun | ||
| 041 | |a zxx | ||
| 245 | 0 | 0 | |a Magyar Pedagógia. - 99. évf. (1999) 4. sz. |h [elektronikus dokumentum] |
| 260 | |c 1999 | ||
| 490 | 0 | |a Magyar pedagógia : a Magyar Tudományos Akadémia Pedagógiai Bizottságának folyóirata |v 99 No. 4 | |
| 856 | 4 | 0 | |u http://misc.bibl.u-szeged.hu/18076/1/mp_1999_004.pdf |z Dokumentum-elérés |